Louis VI le Gros (Record no. 158203)

MARC details
000 -LEADER
campo de control de longitud fija 00664nam a22001695i 4500
001 - NÚMERO DE CONTROL
campo de control 158203
003 - IDENTIFICADOR DE NÚMERO DE CONTROL
campo de control ES-MaACL
005 - FECHA Y HORA DE LA ÚLTIMA TRANSACCIÓN
campo de control 20230906211044.0
008 - DATOS DE LONGITUD FIJA--INFORMACIÓN GENERAL
campo de control de longitud fija 040825s1890 fr |||| | fre d
040 ## - FUENTE DE CATALOGACIÓN
Centro catalogador/agencia de origen CAM
Lengua de catalogación spa
Centro/agencia transcriptor CAM
100 1# - ENTRADA PRINCIPAL--NOMBRE DE PERSONA
Nombre de persona Luchaire, Achille.
9 (RLIN) 74570
245 10 - MENCIÓN DEL TÍTULO
Título Louis VI le Gros
Resto del título : anales de sa vie et de son règne (1081-1137) : avec une introduction historique /
Mención de responsabilidad, etc. par Achille Luchaire.
260 ## - PUBLICACIÓN, DISTRIBUCIÓN, ETC.
Lugar de publicación, distribución, etc. Paris :
Nombre del editor, distribuidor, etc. Alphonse Picard éditeur,
Fecha de publicación, distribución, etc. 1890 (
Lugar de fabricación/manufactura Macon :
Fabricante Imprimerie Protat frères)
300 ## - DESCRIPCIÓN FÍSICA
Extensión CC, 395 p. ;
Dimensiones 24 cm.
600 04 - PUNTO DE ACCESO ADICIONAL DE MATERIA--NOMBRE DE PERSONA
Nombre de persona Luis
Numeración ,VI
Títulos y otros términos asociados al nombre Rey de Francia.
9 (RLIN) 129135
852 ## - LOCALIZACIÓN
Ubicación ES-MaACL
Número de control de estantería C-1659
Nota libre -- Enc. hol. conservando la cub. original
Holdings
Estatus retirado Estado de pérdida Estado de daño No para préstamo Colección Biblioteca de origen Biblioteca actual Ubicación en estantería Fecha de adquisición Fuente de adquisición Total de préstamos Signatura topográfica completa Código de barras Visto por última vez Precio de reemplazo Tipo de ítem Koha
        Libros del s. XIX Biblioteca del Ateneo de Madrid Biblioteca del Ateneo de Madrid Sala Palomar 17/01/2008     C-1659 1165576 23/02/2023 23/02/2023 Libro impreso antiguo